Saved in:
| Format: | Unknown |
|---|---|
| Subjects: | |
| Tags: |
Add Tag
No Tags, Be the first to tag this record!
|
| LEADER | 010800000a22001930004500 | ||
|---|---|---|---|
| 337 | |2 rdamedia |a unmediated | ||
| 337 | |2 rdamedia |a computer | ||
| 338 | |2 rdacarrier |a volume | ||
| 338 | |2 rdacarrier |a computer disc | ||
| 338 | |2 rdacarrier |a online resource | ||
| 500 | |a Abstracts in English and Arabic. | ||
| 500 | |a "A dissertation submitted in fulfilment of the requirement for the degree of Master of Human Sciences in Political science." --On title page. | ||
| 650 | 0 | |a Immigrants |x Government policy |z Malaysia Sabah | |
| 650 | 0 | |a llegal aliens |x Government policy |z Malaysia Sabah | |
| 651 | 0 | |a Malaysia |x Foreign relations |z Philippines | |
| 651 | 0 | |a Philippines |x Foreign relations |z Malaysia | |
| 999 | |c 441746 |d 470815 | ||
| 952 | |0 0 |1 0 |2 lcc |4 0 |6 T J V6255 N00974P 02020 |7 3 |8 IIUMTHESIS |9 762281 |a IIUM |b IIUM |c MULTIMEDIA |d 2022-07-07 |g 0.00 |o t JV 6255 N974P 2020 |p 11100418004 |r 1900-01-02 |t 1 |v 0.00 |y THESIS | ||
| 952 | |0 0 |1 0 |2 lcc |4 0 |6 TS C D F JV06255 N00974P 02020 |7 3 |8 IIUMTHESIS |9 859238 |a IIUM |b IIUM |c MULTIMEDIA |d 2022-07-07 |g 0.00 |o ts cdf JV6255 N974P 2020 |p 11100418005 |r 1900-01-02 |t 1 |v 0.00 |y THESISDIG | ||
